Quiz Cultura Generale - Quiz n°41 - Statistics

Statistiche generali
  • Questo quiz è stato fatto 274 volte
  • Il punteggio medio è 11 su 15
Statistiche sulle risposte
Domanda Risposta % Corretto
Secondo la tradizione, quanti sono i re di Roma? 7
98%
Qual è la cifra più alta che si può trovare in uno schema del Sudoku? 9
92%
Come si traduce il termine inglese "to close"? Chiudere
92%
"Cremisi" è una tonalità di quale colore? Rosso
84%
Qual è l'alter ego di Peter Parker? Spiderman
84%
Quale forma di governo è in vigore in Spagna? Monarchia parlamentare
82%
Quale gruppo religioso prega in una Moschea? Musulmani
81%
Qual è il più basso numero di 3 cifre composto da numeri pari crescenti? 246
79%
Chi è l'attore che interpreta Don Matteo, nell'omonima serie? Terence Hill
75%
In quale paese europeo si trova Bonn? Germania
74%
Quanti vertici ci sono in un parallelepipedo? 8
64%
In quale città si trova Parco Sempione? Milano
64%
Quale complemento risponde alla domanda "di chi, di che cosa"? Complemento di specificazione
61%
Che tipo di avverbio è "sotto"? Avverbio di luogo
60%
Chi sconfisse l'esercito arabo-berbero musulmano a Poitiers nel 732? Carlo Martello
25%
Nessun quiz corrispondente trovato
Distribuzione punteggi
Percentuale di utenti per punteggio
Percentile per numero di risposta
I tuoi punteggi nel tempo
Non hai fatto questo quiz